• 首页
  • 本馆介绍
  • 公告通知
  • 最新文献
  • 馆藏检索
  • 电子资源
  • 读者导购
  • 参考咨询
  • 我的图书馆
  • 登录
  • 详细信息显示
  • 放入我的书架
  • 预约/预借图书
  • 作者相关作品
  • 分类相关作品
  • 丛书相关作品
  • 出版社相关作品

书目信息

  • 表格格式
  • 工作单格式
  • 卡片格式
题名:
量子计算机编程
    
 
作者: 约翰斯顿 , 哈里根 , 希梅诺-塞戈维亚 著 ;郑明智 译
分册:  
出版信息: 北京   人民邮电出版社  2021
页数: xvii, 254页
开本: 24cm
丛书名: 图灵程序设计丛书
单 册:
中图分类: TP385 , TP3
科图分类:
主题词: 量子计算机--liang zi ji suan ji--程序设计 , 计算技术 , 电子计算机
电子资源:
ISBN: 978-7-115-56635-5
000 01510nam 2200349 450
001 2169407498
005 20211112191655.78
010    @a978-7-115-56635-5@dCNY129.80
100    @a20210715d2021 em y0chiy50 ea
101 1  @achi@ceng
102    @aCN@b110000
105    @aak z 000yy
200 1  @a量子计算机编程@Aliang zi ji suan ji bian cheng@d= Programming quantum computers@e从入门到实践@f(美) 埃里克·R. 约翰斯顿, (英) 尼古拉斯·哈里根, (西) 梅塞德丝·希梅诺-塞戈维亚著@g郑明智译@zeng
210    @a北京@c人民邮电出版社@d2021
215    @axvii, 254页@c图 (部分彩图)@d24cm
225 2  @a图灵程序设计丛书@Atu ling cheng xu she ji cong shu
300    @a图灵教育 全彩印刷
306    @aO'Reilly Media,Inc.授权出版 限中国大陆发行
330    @a本书分为四大部分,分别介绍量子计算机编程的核心概念、原语、应用和发展趋势。你将了解量子隐形传态、量子算术运算、量子傅里叶变换和量子相位估计等知识,以及量子搜索、量子超采样、量子机器学习等高级主题。
410  0 @12001 @a图灵程序设计丛书
500 10 @aProgramming quantum computers@mChinese
606 0  @a量子计算机@Aliang zi ji suan ji@x程序设计
606 0  @a计算技术
606 0  @a电子计算机
690    @aTP385@v5
690    @aTP3@v4
701  1 @a约翰斯顿@Ayue han si dun@g(Johnston, Eric R.)@4著
701  1 @a哈里根@Aha li gen@g(Harrigan, Nicholas)@4著
701  1 @a希梅诺-塞戈维亚@Axi mei nuo-sai ge wei ya@g(Gimeno-Segovia, Mercedes)@4著
702  0 @a郑明智@Azheng ming zhi@4译
801  0 @aCN@bBP@c20210715
905    @aZUCC@dTP3@e93
    
    量子计算机编程= Programming quantum computers:从入门到实践/(美) 埃里克·R. 约翰斯顿, (英) 尼古拉斯·哈里根, (西) 梅塞德丝·希梅诺-塞戈维亚著/郑明智译.-北京:人民邮电出版社,2021
    xvii, 254页:图 (部分彩图);24cm.-(图灵程序设计丛书)
    图灵教育 全彩印刷
    
    ISBN 978-7-115-56635-5:CNY129.80
    本书分为四大部分,分别介绍量子计算机编程的核心概念、原语、应用和发展趋势。你将了解量子隐形传态、量子算术运算、量子傅里叶变换和量子相位估计等知识,以及量子搜索、量子超采样、量子机器学习等高级主题。
●
相关链接 在五车中查询图书 在当当中查询图书 在豆瓣中查询图书


正题名:量子计算机编程     索取号:TP3/93         预约/预借

序号 登录号 条形码 馆藏地/架位号 状态 备注
1 2000881339   2000881339   第三书库/ [索取号:TP3/93] 在馆    
2 2000881340   2000881340   第三书库/ [索取号:TP3/93] 在馆    
3 2000881341   2000881341   第三书库/ [索取号:TP3/93] 在馆    
山东省滨州职业学院图书馆 欢迎您!
大连网信软件有限公司© 版权所有